000 00650nam a2200265Ia 4500
005 20260306153122.0
008 008 260114s9999 xx 000 0 eng d
020 _a9780511736599
037 _aEBOOK
040 _aCRL
040 _beng
040 _cCRL
041 _2eng
041 _aeng
084 _qCRL
100 _aSun/Stewart/Pollard
_91124750
245 0 _aCorporate Governance and the Global Financial Crisis
250 _a1st ed
260 _bCambridge University Press
260 _c2011
650 _aCommerce
856 _uhttps://doi.org/10.1017/CBO9780511736599
942 _cEBOOK
999 _c1702243
_d1702243